000 00577nam a22001937a 4500
005 20251108165459.0
008 250721s1986 xx 000 0 ara d
082 1 4 _aم/217.4/يقظ
100 1 _aالجبوري، أبو اليقظان عطية
245 1 0 _aالإمام زفر و آرائه الفقهية /
250 _aط2
264 1 _aبيروت :
_bدار الندوة الجديدة،
_c1986.
300 _a
650 1 7 _aالإسلام
650 1 7 _aالفقه الإسلامي
650 1 7 _aالفقه الحنفي
942 _2ddc
_cREF
999 _c28910
_d28910